000 00758nam a2200277Ia 4500
001 Z_6041
003 CHAP
008 220113s1974 xx 000 0 und d
010 _a169256
040 _cCHAP
082 _a636.10888 C86
100 _aCúneo, Jorge Raúl
_9143780
245 _aDoma de caballos: una técnica para amanzar caballos de silla /
_cJorge Raúl Cúneo, coautor Ángel M. de Estrada
260 _aArgentina :
_bEditorial Hemisferio Sur,
_c1974
300 _a45 p.
503 _aej.1:
650 _aCuidados
_9143781
650 _aDoma de caballos
_9143782
700 _aI. Estrada, Ángrl M. de, coaut.
_9143783
901 _a636.10888 C86
902 _aM
910 _a1974
942 _c1
942 _cc1
999 _c169256
_d169256